00373nam a2200097Ia 4500008004100000100002500041245008600066260003700152650002500189856006100214160909s9999 xx 000 0 und d aAndrews, Jennifer G. 2aA qualitative study to elucidate consumer rejection of the practice of coupon use bThe University of Arizona.c2016 aMARKETING MANAGEMENT uhttp://pqdtopen.proquest.com/doc/1794656168.html?FMT=ABS